О поведении тела (конструкции) в условиях "идеальной текучести"; Известия Томского политехнического института [Известия ТПИ]; Т. 133

التفاصيل البيبلوغرافية
Parent link:Известия Томского политехнического института [Известия ТПИ]/ Томский политехнический институт (ТПИ).— , 1944-1976
Т. 133.— 1965.— [С. 16-22]
المؤلف الرئيسي: Дощинский Г. А.
الملخص:Заглавие с титульного листа
Электронная версия печатной публикации
اللغة:الروسية
منشور في: 1965
الموضوعات:
الوصول للمادة أونلاين:Черно-белая версия для предварительного просмотра
Цветная версия без потери качества
التنسيق: MixedMaterials الكتروني فصل الكتاب
KOHA link:https://koha.lib.tpu.ru/cgi-bin/koha/opac-detail.pl?biblionumber=204668

MARC

LEADER 00000nla2a2200000 4500
001 204668
005 20231031190116.0
035 |a (RuTPU)RU\TPU\book\223106 
035 |a RU\TPU\book\223105 
090 |a 204668 
100 |a 20111130d1965 k y0rusy50 ca 
101 0 |a rus 
102 |a RU 
135 |a drnn ---uucaa 
181 0 |a i  
182 0 |a b 
200 1 |a О поведении тела (конструкции) в условиях "идеальной текучести"  |b Электронный ресурс  |f Г. А. Дощинский 
203 |a Текст  |c электронный 
215 |a 2 файла (384 Кб, 11.9 Мб) 
230 |a Электронные текстовые данные (2 файла : 384 Кб, 11.9 Мб) 
300 |a Заглавие с титульного листа 
300 |a Электронная версия печатной публикации 
320 |a [Библиогр.: с. 22 (5 назв.)] 
337 |a Adobe Reader 
461 1 |0 (RuTPU)RU\TPU\book\200995  |t Известия Томского политехнического института [Известия ТПИ]  |f Томский политехнический институт (ТПИ)  |d 1944-1976 
463 1 |0 (RuTPU)RU\TPU\book\223101  |t Т. 133  |v [С. 16-22]  |d 1965  |p 170 с. 
610 1 |a электронный ресурс 
610 1 |a труды учёных ТПУ 
700 1 |a Дощинский  |b Г. А. 
801 1 |a RU  |b 63413507  |c 20090320  |g PSBO 
801 2 |a RU  |b 63413507  |c 20120208  |g PSBO 
856 4 |u http://www.lib.tpu.ru/fulltext/v/Bulletin_TPU/1965/v133/04_bw.pdf  |z Черно-белая версия для предварительного просмотра 
856 4 |u http://www.lib.tpu.ru/fulltext/v/Bulletin_TPU/1965/v133/04_full.pdf  |z Цветная версия без потери качества 
942 |c CF